000 00352nam a2200133Ia 4500
008 240624s9999 xx 000 0 und d
041 _aeng
082 _a658.3 McL
100 _aMCLANACHAN DI
245 _aPERSUASION AND INFLUENCE IN A WEEK HOW T
260 _c2016
_aGreat Britain
_bHodder & Stoughton
300 _a124 p.; 23 cm.
365 _cRS
_b38
999 _c30614
_d30614